000 01382nam a2200325 a 4500
999 _c174086
_d174086
003 BLK
005 20250201005444.0
008 180411b bul|||||r ||||||| ||bul||
010 _aKNG00182538000
040 _aBLK
041 _aBUL
_cBUL
080 _aРуска литература
_b821.161.1
_x-31
_z821.161.1-31
100 1 _aТургенев, Иван Сергеевич
_eпърви автор
_9365685
139 _aТургенев, Иван Сергеевич
_bТ 92
245 1 0 _aВ навечерието
_bРоман
_cИван Сергеевич Тургенев; прев. от рус. Георги Константинов; с послесл. от Любомир Б. Павлов.
250 _a10. изд.
257 _aRUS
260 _aСофия
_bНар. култура
_c1972
300 _a168 с.
_c20 см
380 _aX
490 1 _aБиблиотека за ученика
500 _aОриг. загл. Накануне. - В кн. означено 9. изд.
700 _aКонстантинов, Георги
_gХристов, Георги Константинов
_9364908
700 1 _aПавлов, Любомир Б.
_eс послесл. от
_9382508
852 _aЦб 61750
_bЦб
942 _cKNG
_n0
_s1
944 _aCR
_c21.11.2007
_k
_lCRON CRON
944 _aED
_c2022-08-04
_kСТ
999 _d174086